Statistics for 2024 NASCAR Teams

Click here to take the quiz!

General Stats

  • This quiz has been taken 41 times
  • The average score is 13 of 18

Answer Stats

NumbersAnswer% Correct
#5, #9, #24, #48Hendrick Motorsports
96%
#2, #12, #22Team Penske
96%
#11, #19, #20, #54Joe Gibbs Racing
92%
#3, #8Richard Childress Racing
92%
#6, #17, #60*R.F.K. Racing
88%
#4, #10, #14, #41Stewart-Haas Racing
88%
#1, #99, #91*Team Trackhouse
88%
#34, #38, #36*Front Row Motorsports
85%
#7, #71, #77Spire Motorsports
81%
#42, #43, #84*Legacy Motor Club
77%
#47JTG Daughtery Racing
73%
#16, #31Kaulig Racing
73%
#15, #51Rick Ware Racing
65%
#23, #4523XI Racing
62%
#21Wood Brothers Racing
58%
#44*NY Racing
42%
#78*Live Fast Motorsports
38%
#62*Beard-Oil Motorsports
31%

Score Distribution

Percentile by Number Answered

Percent of People with Each Score

Your Score History

You have not taken this quiz